{"text_format":"3","workbook":"xlsx","n_sheets":1,"sheets":["t491"],"read":"whole","date_system":"1900"}

{"sheet":"t491","index":0,"n_rows":172,"n_cols":7,"rows_kept":172,"merged":[[0,0,0,6],[28,0,28,5],[41,0,41,5],[145,0,145,5]]}
["TABELA 491.1 - Estatísticas Agrícolas, Município de Roseira, Estado de São Paulo, 2016/17."]
["ITEM","UNIDADE","N.DE UPAs","MÍNIMO","MÉDIO","MÁXIMO","TOTAL"]
["Distância à sede do município","km",81,0.5,{"v":5.98,"d":"6.0"},{"v":93,"d":"93.0"},"-"]
["Área total","hectare",81,{"v":1,"d":"1.0"},{"v":151.73,"d":"151.7"},{"v":974,"d":"974.0"},{"v":12290.1,"d":"12,290.1"}]
["Área com cultura perene","hectare",3,0.1,5.7,{"v":15,"d":"15.0"},17.1]
["Área com cultura temporária","hectare",40,0.2,{"v":34.91,"d":"34.9"},{"v":138,"d":"138.0"},{"v":1396.2,"d":"1,396.2"}]
["Área com pastagem","hectare",64,0.2,77.2,{"v":441,"d":"441.0"},{"v":4940.9,"d":"4,940.9"}]
["Área com reflorestamento","hectare",12,{"v":1,"d":"1.0"},{"v":131.33,"d":"131.3"},{"v":347,"d":"347.0"},{"v":1576,"d":"1,576.0"}]
["Área com vegetação natural","hectare",59,0.2,{"v":61.12,"d":"61.1"},{"v":600,"d":"600.0"},{"v":3605.9,"d":"3,605.9"}]
["Área com vegetação de brejo e várzea","hectare",4,0.5,{"v":29.18,"d":"29.2"},113.7,116.7]
["Área em descanso","hectare",7,{"v":4,"d":"4.0"},{"v":26.56,"d":"26.6"},{"v":68,"d":"68.0"},185.9]
["Área complementar","hectare",80,0.1,{"v":5.64,"d":"5.6"},147.9,451.4]
["Área das UPAs com (0, 1] ha","hectare",1,{"v":1,"d":"1.0"},{"v":1,"d":"1.0"},{"v":1,"d":"1.0"},{"v":1,"d":"1.0"}]
["Área das UPAs com (1, 2] ha","hectare",1,{"v":2,"d":"2.0"},{"v":2,"d":"2.0"},{"v":2,"d":"2.0"},{"v":2,"d":"2.0"}]
["Área das UPAs com (2, 5] ha","hectare",2,3.2,4.1,{"v":5,"d":"5.0"},8.2]
["Área das UPAs com (5, 10] ha","hectare",8,5.7,{"v":8.16,"d":"8.2"},{"v":10,"d":"10.0"},65.3]
["Área das UPAs com (10, 20] ha","hectare",2,{"v":13,"d":"13.0"},14.3,15.6,28.6]
["Área das UPAs com (20, 50] ha","hectare",19,20.1,{"v":30.41,"d":"30.4"},48.2,577.7]
["Área das UPAs com (50, 100] ha","hectare",14,50.8,{"v":74.69,"d":"74.7"},96.8,{"v":1045.7,"d":"1,045.7"}]
["Área das UPAs com (100, 200] ha","hectare",16,106.5,{"v":152.06,"d":"152.1"},198.4,{"v":2432.9,"d":"2,432.9"}]
["Área das UPAs com (200, 500] ha","hectare",10,203.2,{"v":285,"d":"285.0"},421.9,{"v":2850,"d":"2,850.0"}]
["Área das UPAs com (500, 1.000] ha","hectare",8,503.4,{"v":659.84,"d":"659.8"},{"v":974,"d":"974.0"},{"v":5278.7,"d":"5,278.7"}]
["Área das UPAs com (1.000, 2.000] ha","hectare","-","-","-","-","-"]
["Área das UPAs com (2.000, 5.000] ha","hectare","-","-","-","-","-"]
["Área das UPAs com (5.000, 10.000] ha","hectare","-","-","-","-","-"]
["Área das UPAs acima de 10.000 ha","hectare","-","-","-","-","-"]
["Fonte: Secretaria de Agricultura e Abastecimento, CDRS/IEA, Projeto LUPA."]
[]
["TABELA 491.2 - Explorações Animais, Município de Roseira, Estado de São Paulo, 2016/17."]
["ITEM","UNIDADE","N.DE UPAs","MÍNIMO","MÉDIO","MÁXIMO","TOTAL"]
["Apicultura","colmeias",1,{"v":4,"d":"4.0"},{"v":4,"d":"4.0"},{"v":4,"d":"4.0"},{"v":4,"d":"4.0"}]
["Asininos e muares","cabecas",13,{"v":1,"d":"1.0"},{"v":1.69,"d":"1.7"},{"v":5,"d":"5.0"},{"v":22,"d":"22.0"}]
["Bovinocultura de corte","cabecas",35,{"v":7,"d":"7.0"},{"v":85.91,"d":"85.9"},{"v":400,"d":"400.0"},{"v":3007,"d":"3,007.0"}]
["Bovinocultura leiteira","cabecas",28,{"v":4,"d":"4.0"},{"v":78.46,"d":"78.5"},{"v":322,"d":"322.0"},{"v":2197,"d":"2,197.0"}]
["Bovinocultura mista","cabecas",4,{"v":6,"d":"6.0"},19.5,{"v":42,"d":"42.0"},{"v":78,"d":"78.0"}]
["Caprinocultura","cabecas",1,{"v":5,"d":"5.0"},{"v":5,"d":"5.0"},{"v":5,"d":"5.0"},{"v":5,"d":"5.0"}]
["Equinocultura","cabecas",38,{"v":1,"d":"1.0"},{"v":3.53,"d":"3.5"},{"v":15,"d":"15.0"},{"v":134,"d":"134.0"}]
["Piscicultura","m2 tanques",3,{"v":2000,"d":"2,000.0"},{"v":169000,"d":"169,000.0"},{"v":500000,"d":"500,000.0"},{"v":507000,"d":"507,000.0"}]
["Suinocultura","cabecas",9,{"v":5,"d":"5.0"},{"v":38.33,"d":"38.3"},{"v":71,"d":"71.0"},{"v":345,"d":"345.0"}]
["Fonte: Secretaria de Agricultura e Abastecimento, CDRS/IEA, Projeto LUPA."]
[]
["TABELA 491.3 -  Máquinas, Implementos e Benfeitorias, Município de Roseira, Estado de São Paulo, 2016/17."]
["ITEM","UNIDADE","N.DE UPAs","MÍNIMO","MÉDIO","MÁXIMO","TOTAL"]
["Arado comum (bacia, aiveca)","unidade",19,{"v":1,"d":"1.0"},{"v":1.16,"d":"1.2"},{"v":2,"d":"2.0"},{"v":22,"d":"22.0"}]
["Arado subsolador","unidade",1,{"v":1,"d":"1.0"},{"v":1,"d":"1.0"},{"v":1,"d":"1.0"},{"v":1,"d":"1.0"}]
["Carreta de trator","unidade",20,{"v":1,"d":"1.0"},{"v":1.75,"d":"1.8"},{"v":4,"d":"4.0"},{"v":35,"d":"35.0"}]
["Colhedeira automotriz","unidade",7,{"v":1,"d":"1.0"},{"v":1.14,"d":"1.1"},{"v":2,"d":"2.0"},{"v":8,"d":"8.0"}]
["Computador","unidade",8,{"v":1,"d":"1.0"},{"v":1.13,"d":"1.1"},{"v":2,"d":"2.0"},{"v":9,"d":"9.0"}]
["Conj.irrigacao convencional","unidade",3,{"v":1,"d":"1.0"},{"v":1,"d":"1.0"},{"v":1,"d":"1.0"},{"v":3,"d":"3.0"}]
["Conj.irrigacao/gotejamento/microaspersao","unidade",2,{"v":1,"d":"1.0"},{"v":1,"d":"1.0"},{"v":1,"d":"1.0"},{"v":2,"d":"2.0"}]
["Desintegrador, picador, triturador","unidade",36,{"v":1,"d":"1.0"},{"v":1.19,"d":"1.2"},{"v":2,"d":"2.0"},{"v":43,"d":"43.0"}]
["Distribuidor de calcario","unidade",9,{"v":1,"d":"1.0"},{"v":1.22,"d":"1.2"},{"v":2,"d":"2.0"},{"v":11,"d":"11.0"}]
["Embarcação","unidade",1,{"v":4,"d":"4.0"},{"v":4,"d":"4.0"},{"v":4,"d":"4.0"},{"v":4,"d":"4.0"}]
["Ensiladeira","unidade",9,{"v":1,"d":"1.0"},{"v":1.56,"d":"1.6"},{"v":3,"d":"3.0"},{"v":14,"d":"14.0"}]
["Grade aradora (tipo romi)","unidade",16,{"v":1,"d":"1.0"},{"v":1.25,"d":"1.3"},{"v":3,"d":"3.0"},{"v":20,"d":"20.0"}]
["Grade niveladora","unidade",20,{"v":1,"d":"1.0"},1.1,{"v":2,"d":"2.0"},{"v":22,"d":"22.0"}]
["Misturador de racao","unidade",8,{"v":1,"d":"1.0"},{"v":1,"d":"1.0"},{"v":1,"d":"1.0"},{"v":8,"d":"8.0"}]
["Mmicrotrator","unidade",1,{"v":1,"d":"1.0"},{"v":1,"d":"1.0"},{"v":1,"d":"1.0"},{"v":1,"d":"1.0"}]
["Ordenhadeira mecanica","unidade",13,{"v":1,"d":"1.0"},{"v":1.08,"d":"1.1"},{"v":2,"d":"2.0"},{"v":14,"d":"14.0"}]
["Pulverizador tratorizado","unidade",6,{"v":1,"d":"1.0"},{"v":1,"d":"1.0"},{"v":1,"d":"1.0"},{"v":6,"d":"6.0"}]
["Resfriador de leite, tanque expansao","unidade",16,{"v":1,"d":"1.0"},1.5,{"v":4,"d":"4.0"},{"v":24,"d":"24.0"}]
["Roçadeira costal","unidade",8,{"v":1,"d":"1.0"},{"v":1.13,"d":"1.1"},{"v":2,"d":"2.0"},{"v":9,"d":"9.0"}]
["Roçadeira tratorizada","unidade",10,{"v":1,"d":"1.0"},1.1,{"v":2,"d":"2.0"},{"v":11,"d":"11.0"}]
["Roçadora","unidade",4,{"v":1,"d":"1.0"},{"v":1.25,"d":"1.3"},{"v":2,"d":"2.0"},{"v":5,"d":"5.0"}]
["Semeadeira/adubadeira para plantio convencional","unidade",5,{"v":1,"d":"1.0"},{"v":1,"d":"1.0"},{"v":1,"d":"1.0"},{"v":5,"d":"5.0"}]
["Semeadeira/plantadeira plantio direto","unidade",3,{"v":1,"d":"1.0"},{"v":1,"d":"1.0"},{"v":1,"d":"1.0"},{"v":3,"d":"3.0"}]
["Tanque rede","m3",1,{"v":2160,"d":"2,160.0"},{"v":2160,"d":"2,160.0"},{"v":2160,"d":"2,160.0"},{"v":2160,"d":"2,160.0"}]
["Trator de pneus  acima de 85 cv","unidade",9,{"v":1,"d":"1.0"},{"v":2.22,"d":"2.2"},{"v":4,"d":"4.0"},{"v":20,"d":"20.0"}]
["Trator de pneus até 65 cv","unidade",16,{"v":1,"d":"1.0"},{"v":1.06,"d":"1.1"},{"v":2,"d":"2.0"},{"v":17,"d":"17.0"}]
["Trator de pneus de 66 cv a 85 cv","unidade",17,{"v":1,"d":"1.0"},{"v":1.88,"d":"1.9"},{"v":9,"d":"9.0"},{"v":32,"d":"32.0"}]
["Acude/represa","unidade",16,{"v":1,"d":"1.0"},{"v":3,"d":"3.0"},{"v":11,"d":"11.0"},{"v":48,"d":"48.0"}]
["Alambique","unidade",1,{"v":1,"d":"1.0"},{"v":1,"d":"1.0"},{"v":1,"d":"1.0"},{"v":1,"d":"1.0"}]
["Almoxarifado/oficina","unidade",15,{"v":1,"d":"1.0"},{"v":1,"d":"1.0"},{"v":1,"d":"1.0"},{"v":15,"d":"15.0"}]
["Armazem para graos ensacados","sacas",9]
["Balanca para bovinos","unidade",3,{"v":1,"d":"1.0"},{"v":1,"d":"1.0"},{"v":1,"d":"1.0"},{"v":3,"d":"3.0"}]
["Barracao/galpao/garagem","unidade",34,{"v":1,"d":"1.0"},{"v":1.09,"d":"1.1"},{"v":2,"d":"2.0"},{"v":37,"d":"37.0"}]
["Casa de moradia habitada","unidade",54,{"v":1,"d":"1.0"},2.5,{"v":12,"d":"12.0"},{"v":135,"d":"135.0"}]
["Casa de moradia total","unidade",61,{"v":1,"d":"1.0"},{"v":3.05,"d":"3.1"},{"v":12,"d":"12.0"},{"v":186,"d":"186.0"}]
["Curral/mangueira","unidade",42,{"v":1,"d":"1.0"},{"v":1.17,"d":"1.2"},{"v":3,"d":"3.0"},{"v":49,"d":"49.0"}]
["Deposito/tulha","unidade",5,{"v":1,"d":"1.0"},1.4,{"v":2,"d":"2.0"},{"v":7,"d":"7.0"}]
["Estabulo","unidade",18,{"v":1,"d":"1.0"},{"v":1,"d":"1.0"},{"v":1,"d":"1.0"},{"v":18,"d":"18.0"}]
["Estufa/plasticultura","m2",2]
["Fabrica de racao","unidade",1,{"v":1,"d":"1.0"},{"v":1,"d":"1.0"},{"v":1,"d":"1.0"},{"v":1,"d":"1.0"}]
["Instalacoes para equinos","unidade",6,{"v":1,"d":"1.0"},{"v":8.67,"d":"8.7"},{"v":30,"d":"30.0"},{"v":52,"d":"52.0"}]
["Maquina de beneficio","unidade",3,{"v":1,"d":"1.0"},{"v":1,"d":"1.0"},{"v":1,"d":"1.0"},{"v":3,"d":"3.0"}]
["Pocilga","unidade",8,{"v":1,"d":"1.0"},{"v":1,"d":"1.0"},{"v":1,"d":"1.0"},{"v":8,"d":"8.0"}]
["Poco semi-artesiano","unidade",6,{"v":1,"d":"1.0"},{"v":1,"d":"1.0"},{"v":1,"d":"1.0"},{"v":6,"d":"6.0"}]
["Secador de graos","unidade",5,{"v":1,"d":"1.0"},{"v":1,"d":"1.0"},{"v":1,"d":"1.0"},{"v":5,"d":"5.0"}]
["Silo para graos","ton",3]
["Silo para silagem","ton",8]
["Terreiro","m2",1]
["Fonte: Secretaria de Agricultura e Abastecimento, CDRS/IEA, Projeto LUPA."]
[]
["TABELA 491.4 - Outras Estatísticas Agrícolas, Município de Roseira, Estado de São Paulo, 2016/17."]
["ITEM","Número de UPAs",null,"Percentual"]
["Faz Parte de Associação de Produtores",31,null,{"v":38.2716049382716,"d":"38.3"}]
["Faz Parte de Cooperativa de Produtores",23,null,{"v":28.395061728395063,"d":"28.4"}]
["Faz Parte do Sindicato de Produtores",23,null,{"v":28.395061728395063,"d":"28.4"}]
["Não utiliza assistência técnica ",50,null,{"v":61.72839506172839,"d":"61.7"}]
["Utiliza somente assistência técnica governamental ",4,null,{"v":4.938271604938271,"d":"4.9"}]
["Utiliza somente assistência técnica privada ",22,null,{"v":27.160493827160494,"d":"27.2"}]
["Utiliza assistência técnica tanto governamental quanto privada",5,null,{"v":6.172839506172839,"d":"6.2"}]
["Utiliza Crédito Rural",8,null,{"v":9.876543209876543,"d":"9.9"}]
["Utiliza Seguro Rural",1,null,{"v":1.2345679012345678,"d":"1.2"}]
["Utiliza Escrituração Agrícola",26,null,{"v":32.098765432098766,"d":"32.1"}]
["Acessa Internet p/ Fins na Agropecuária",22,null,{"v":27.160493827160494,"d":"27.2"}]
["Utiliza Computador nas Atividades Agropecuárias",22,null,{"v":27.160493827160494,"d":"27.2"}]
["Utiliza Energia Elétrica Para Uso na Atividade Agrícola",58,null,{"v":71.60493827160494,"d":"71.6"}]
["Utiliza Energia Alternativa","-",null,"-"]
["Realiza Análise de Solo, quando necessário",26,null,{"v":32.098765432098766,"d":"32.1"}]
["Realiza Calagem",26,null,{"v":32.098765432098766,"d":"32.1"}]
["Utiliza Práticas de Conservação de Solo, quando necessário",14,null,{"v":17.28395061728395,"d":"17.3"}]
["Faz Adubação Mineral, quando necessário",28,null,{"v":34.5679012345679,"d":"34.6"}]
["Faz Adubação Orgânica, quando necessário",22,null,{"v":27.160493827160494,"d":"27.2"}]
["Faz Adubação Verde, quando necessário","-",null,"-"]
["Utiliza Manejo Integrado de Pragas (MIP)","-",null,"-"]
["Utiliza Hidroponia",1,null,{"v":1.2345679012345678,"d":"1.2"}]
["Utiliza Cultivo em Estufa",2,null,{"v":2.4691358024691357,"d":"2.5"}]
["Utiliza Mudas Fiscalizadas",5,null,{"v":6.172839506172839,"d":"6.2"}]
["Utiliza Semente Melhorada",21,null,{"v":25.925925925925924,"d":"25.9"}]
["Faz Confinamento de Bovinos","-",null,"-"]
["Utiliza Pastejo Intensivo",5,null,{"v":6.172839506172839,"d":"6.2"}]
["Faz Inseminação Artificial",4,null,{"v":4.938271604938271,"d":"4.9"}]
["Faz Mineralização do Rebanho",44,null,{"v":54.32098765432099,"d":"54.3"}]
["Faz Vermifugação do Rebanho",44,null,{"v":54.32098765432099,"d":"54.3"}]
["Possui Parceiros /Arrendatários na Exploração Animal",37,null,{"v":45.67901234567901,"d":"45.7"}]
["Existência de trabalhadores c/ deficiência na UPA","-",null,"-"]
["Esporte e lazer","-",null,"-"]
["Extração mineral",5,null,{"v":6.172839506172839,"d":"6.2"}]
["Hotel Fazenda, Pousada ou SPA","-",null,"-"]
["Pesque-pague",2,null,{"v":2.4691358024691357,"d":"2.5"}]
["Restaurante ou Lanchonete","-",null,"-"]
["Transformação artesanal","-",null,"-"]
["Turismo rural ou ecoturismo","-",null,"-"]
["Outras atividades econômicas rurais",2,null,{"v":2.4691358024691357,"d":"2.5"}]
["Agroindústria","-",null,"-"]
["Proprietário sem instrução ou com instrução incompleta","-",null,"-"]
["Proprietário com antigo primário completo","-",null,"-"]
["Proprietário com 1° grau (ou antigo ginasial) completo",11,null,{"v":13.580246913580247,"d":"13.6"}]
["Proprietário com 2° grau (ou antigo colegial) completo",8,null,{"v":9.876543209876543,"d":"9.9"}]
["Proprietário com curso superior completo ",51,null,{"v":62.96296296296296,"d":"63.0"}]
["Pessoa Jurídica",11,null,{"v":13.580246913580247,"d":"13.6"}]
["Proprietário residente na própria UPA ",11,null,{"v":13.580246913580247,"d":"13.6"}]
["Fonte: Secretaria de Agricultura e Abastecimento, CDRS/IEA, Projeto LUPA."]
[]
["TABELA 491.5 - Área Cultivada, Município de Roseira, Estado de São Paulo, 2016/17."]
["CULTURA","N.DE UPAs","MÍNIMO","MÉDIO","MÁXIMO","TOTAL"]
["Braquiaria",56,0.2,{"v":75.51,"d":"75.5"},{"v":439,"d":"439.0"},{"v":4228.7,"d":"4,228.7"}]
["Eucalipto",12,{"v":1,"d":"1.0"},{"v":131.33,"d":"131.3"},{"v":347,"d":"347.0"},{"v":1576,"d":"1,576.0"}]
["Arroz",22,{"v":3,"d":"3.0"},{"v":54.63,"d":"54.6"},{"v":138,"d":"138.0"},{"v":1201.8,"d":"1,201.8"}]
["Gramas",6,1.2,{"v":36.78,"d":"36.8"},75.8,220.7]
["Capim-gordura",2,{"v":27,"d":"27.0"},88.5,{"v":150,"d":"150.0"},{"v":177,"d":"177.0"}]
["Outras gramineas para pastagem",4,9.1,{"v":32.53,"d":"32.5"},{"v":91,"d":"91.0"},130.1]
["Milho-silagem",4,{"v":20,"d":"20.0"},31.5,{"v":50,"d":"50.0"},{"v":126,"d":"126.0"}]
["Coloniao",4,{"v":4,"d":"4.0"},30.1,{"v":81,"d":"81.0"},120.4]
["Capim-napier (ou capim-elefante)",25,0.5,{"v":2.56,"d":"2.6"},{"v":7,"d":"7.0"},{"v":64,"d":"64.0"}]
["Cana-de-acucar outras finalidades",15,0.5,{"v":3.05,"d":"3.1"},{"v":10,"d":"10.0"},45.7]
["Milho safra",2,{"v":5,"d":"5.0"},{"v":10,"d":"10.0"},{"v":15,"d":"15.0"},{"v":20,"d":"20.0"}]
["Banana",2,0.1,{"v":7.55,"d":"7.6"},{"v":15,"d":"15.0"},15.1]
["Alface",2,0.5,{"v":1,"d":"1.0"},1.5,{"v":2,"d":"2.0"}]
["Seringueira",1,{"v":2,"d":"2.0"},{"v":2,"d":"2.0"},{"v":2,"d":"2.0"},{"v":2,"d":"2.0"}]
["Viveiro de flores e ornamentais",1,{"v":1,"d":"1.0"},{"v":1,"d":"1.0"},{"v":1,"d":"1.0"},{"v":1,"d":"1.0"}]
["Mandioca",3,0.1,{"v":0.27,"d":"0.3"},0.5,0.8]
["Outras olericolas",2,0.3,0.3,0.3,0.6]
["Tomate envarado",1,0.5,0.5,0.5,0.5]
["Pepino",1,0.5,0.5,0.5,0.5]
["Cebolinha",2,0.1,{"v":0.15,"d":"0.2"},0.2,0.3]
["Couve (ou couve-crespa)",1,0.2,0.2,0.2,0.2]
["Horta domestica",1,0.1,0.1,0.1,0.1]
["Quiabo",1,0.1,0.1,0.1,0.1]
["Abobora (ou jerimum)",1,0.1,0.1,0.1,0.1]
["Fonte: Secretaria de Agricultura e Abastecimento, CDRS/IEA, Projeto LUPA."]